[Event "Lleida-ch U14"]
[Site "Balaguer"]
[Date "2014.02.15"]
[Round "4.4"]
[White "Planella Vazquez, Jose Alejandro"]
[Black "Costa Esteve, Ricard"]
[Result "1-0"]
[WhiteElo "1700"]
[BlackElo "1700"]
[PlyCount "77"]
[EventDate "2014.01.25"]
[EventType "swiss"]
[EventRounds "6"]
[EventCountry "ESP"]
[SourceTitle "EXT 2024"]
[Source "ChessBase"]
[SourceDate "2023.10.10"]
[SourceVersion "1"]
[SourceVersionDate "2023.10.10"]
[SourceQuality "1"]

1. d4 d5 2. c4 Nf6 3. Nc3 e6 4. e3 b6 5. Nf3 Bb7 6. Bd3 Nbd7 7. Qc2 c5 8. e4 Qe7 9. 0-0 Qd6 10. e5 Qc7 11. exf6 Nxf6 12. Ne5 Bd6 13. Nb5 Qe7 14. Nxd6+ Qxd6 15. Qa4+ Kf8 16. Bf4 Qe7 17. Rfe1 a6 18. cxd5 Bxd5 19. Nc6 Qb7 20. Ne5 b5 21. Qd1 c4 22. Bc2 Bxg2 23. f3 Bh3 24. Be4 Nxe4 25. fxe4 Rd8 26. Qd2 Qb6 27. Be3 Qb7 28. Bf2 f6 29. Qf4 Kg8 30. Qh4 Rf8 31. Qxh3 fxe5 32. Qxe6+ Rf7 33. dxe5 h5 34. Bc5 Qa8 35. Rf1 Qb7 36. Qe8+ Kh7 37. Qxf7 Qxe4 38. Qxh5+ Kg8 39. Rf8# 1-0

[Event "Lleida-ch U14"]
[Site "Balaguer"]
[Date "2014.02.08"]
[Round "3.3"]
[White "Cosialls Ris, Ramon"]
[Black "Planella Vazquez, Jose Alejandro"]
[Result "1-0"]
[WhiteElo "1898"]
[BlackElo "1700"]
[PlyCount "35"]
[EventDate "2014.01.25"]
[EventType "swiss"]
[EventRounds "6"]
[EventCountry "ESP"]
[SourceTitle "EXT 2024"]
[Source "ChessBase"]
[SourceDate "2023.10.10"]
[SourceVersion "1"]
[SourceVersionDate "2023.10.10"]
[SourceQuality "1"]

1. e4 c5 2. Nf3 Nc6 3. d4 cxd4 4. Nxd4 Nf6 5. Nc3 e6 6. Nxc6 bxc6 7. e5 Nd5 8. Ne4 d6 9. exd6 Nf6 10. Bd3 Bxd6 11. Nxd6+ Qxd6 12. 0-0 0-0 13. Bxh7+ Nxh7 14. Qxd6 Bb7 15. Rd1 a5 16. Qg3 g6 17. Bh6 Rfe8 18. Qe5 1-0

[Event "Lleida-ch U14"]
[Site "Balaguer"]
[Date "2014.01.25"]
[Round "1.5"]
[White "Estruch Andreu, Guim"]
[Black "Planella Vazquez, Jose Alejandro"]
[Result "1-0"]
[WhiteElo "1773"]
[BlackElo "1700"]
[PlyCount "55"]
[EventDate "2014.01.25"]
[EventType "swiss"]
[EventRounds "6"]
[EventCountry "ESP"]
[SourceTitle "EXT 2024"]
[Source "ChessBase"]
[SourceDate "2023.10.10"]
[SourceVersion "1"]
[SourceVersionDate "2023.10.10"]
[SourceQuality "1"]

1. e4 c5 2. Nf3 Nc6 3. d4 cxd4 4. Nxd4 Nf6 5. Nc3 e6 6. Be3 d6 7. Qd2 Be7 8. 0-0-0 h6 9. Be2 0-0 10. h3 Nh7 11. Ndb5 g5 12. Nxd6 a6 13. Nxc8 Rxc8 14. h4 Qxd2+ 15. Rxd2 Kg7 16. Rd7 b5 17. Bd3 Ne5 18. Rxe7 Nxd3+ 19. cxd3 b4 20. Kd1 bxc3 21. bxc3 Rxc3 22. Bd4+ Kg6 23. Bxc3 h5 24. hxg5 Kxg5 25. Ra7 Kh6 26. Rxa6 Ng5 27. Kd2 f5 28. e5 1-0